[Event "Polgar Challenge 2021"]
[Site "Online"]
[Date "2021.04.04"]
[Round "9.9"]
[White "Mendonca, Leon Luke"]
[Black "Abdusattorov, Nodirbek"]
[Result "1-0"]
[WhiteElo "2549"]
[BlackElo "2627"]
[Annotator "TA"]
[PlyCount "191"]
[EventDate "2021.04.08"]
[EventType "tourn"]
[EventCountry "NET"]
[SourceTitle "playchess.com"]
[Source "ChessBase"]
[SourceQuality "1"]

{[%evp 9,191,0,17,0,35,2,32,25,50,50,45,0,9,0,0,-2,-5,-26,15,10,25,21,16,-14,30,0,0,-16,27,0,0,0,0,0,15,-16,-6,-8,-14,-18,-11,-29,-11,-14,0,0,0,0,0,0,0,0,0,0,0,0,0,-99,-91,-99,-6,-6,-6,-12,0,0,0,-25,-7,-7,0,0,0,-7,-7,-82,0,0,0,-43,-7,-243,-240,-241,-232,-367,-254,-390,-390,-336,-62,-60,0,0,0,0,64,63,140,148,156,20,127,18,18,2,8,3,164,164,1340,1334,1069,961,1047,666,6725,5591,10291,8812,6613,1562,1550,1478,1328,1214,405,7,7,7,7,7,29968,29969,29973,29974,29974,29975,29975,29976,29975,29976,29976,29977,29977,29978,29979,29980,29977,29973,29973,29974,29974,29975,29975,29976,29976,29976,29976,29976,29976,29977,29975,29976,29976,29977,29981,29977,29980,29973,29981,29982,29983,29984,29983,29984,29986,29987,29988,29989,29991,29989,29996,4818]} 1. Nf3 Nf6 2. c4 e6 3. Nc3 d5 4. e3 c5 5. cxd5 Nxd5 6. b3 {[#] A17: English Opening: 1...Nf6 with ...Bb4.} Nb4 $146 ({Predecessor:} 6... Be7 7. Bb2 O-O 8. Qc2 Nc6 9. a3 b6 10. h4 f5 11. Nxd5 exd5 12. d4 Be6 13. Rd1 Rc8 14. Ba6 Rc7 15. dxc5 bxc5 16. O-O h6 17. Bc4 Kh8 18. Rd2 Bd6 19. Rfd1 Ne7 20. Be2 Rb7 21. Be5 {½-½ (21) Roiz,M (2614)-Zanan,E (2482) Israel 2018}) 7. d3 (7. Bb2 {seems wilder.} Be7 8. d4 cxd4 9. Nxd4 O-O 10. Be2) 7... b6 8. a3 {White is slightly better.} N4c6 9. Bb2 Be7 10. Be2 Bb7 11. Ne4 O-O 12. O-O Nd7 13. Qc2 e5 14. Rac1 Rc8 15. Qb1 Re8 16. Rfe1 h6 17. Bf1 Bf8 18. h3 Nf6 19. Nxf6+ Qxf6 20. Nd2 Qg6 21. Bc3 Bd6 22. Ne4 Bb8 23. b4 cxb4 24. axb4 Ne7 25. Ba1 Nf5 26. Rxc8 Rxc8 27. Rc1 Rd8 28. b5 Nh4 29. Qb4 {Hoping for Qe7.} Rd7 30. Ng3 $1 Qg5 31. Qg4 f5 32. Qxg5 hxg5 33. f3 (33. Be2 $11) 33... e4 $17 34. Kf2 {[%cal Rd3e4]} f4 (34... exd3 $6 35. Rd1 $11) (34... exf3 $17 35. gxf3 f4 36. exf4 (36. Ne4 $2 fxe3+ 37. Ke2 Bf4 $19) 36... Bxf4) 35. Nxe4 $11 fxe3+ 36. Ke1 Nf5 37. Rc4 Bf4 38. g4 Ng3 39. Be2 Rd5 40. Rb4 Rd8 41. Rc4 Bd5 42. Rc2 (42. Rc1 $11 {remains equal.}) 42... Rf8 (42... Bb3 $17 43. Rc1 Rd5) 43. Bd4 Rd8 44. Bb2 Bf7 45. d4 $2 (45. Nxg3 $11 Bxg3+ 46. Kf1) 45... Nxe2 $19 46. Kxe2 Be8 47. Rc6 (47. Nc3 $142) 47... Rd5 48. Rc8 (48. Rc3 {was the only defense.}) 48... Kf7 49. Nc3 {Black should prevent Rxe8.} Rxd4 $2 (49... Rxb5 $19 50. Bc1 (50. Nxb5 Bxb5+ 51. Ke1 Bg3+ 52. Kd1 e2+ 53. Kc2 e1=Q 54. Bc1 Qf2+ 55. Kb3 Qxd4 56. f4 gxf4 57. Rc7+ Ke6 58. Bd2 f3 59. Bc3 Qd1+ 60. Kb2 Bxc7 61. h4 Bf4 62. h5 Bc4 63. Bd2 Bxd2 64. Ka3 Qb3#) 50... Rb3 51. Bxe3 Bd7) 50. Bc1 $15 Bd7 (50... Rd7 $15) 51. Bxe3 $11 Rb4 52. Ra8 Rb3 ({Black should try} 52... Bxb5+ $11 53. Nxb5 Rxb5 54. Bxf4 (54. Rxa7+ Kf6 $11) 54... gxf4) 53. Bxf4 $14 gxf4 (53... Rxc3 $14 54. Rxa7 Ke6) 54. Rxa7 {[%mdl 4096] Endgame KRB-KRN} Ke6 55. Kd2 (55. Kd3 $1 $16) 55... Bxb5 (55... Rb2+ $1 $11 {keeps the balance.} 56. Kd3 g5) 56. Nxb5 (56. Kc2 $16 Bc4 57. Rxg7) 56... Rxb5 $11 57. Rxg7 {KR-KR} Rb3 58. Ke2 {Threatens to win with h4.} b5 $2 {[#]} (58... Rb2+ $1 $11 59. Kd3 Rb3+ 60. Ke2 Rb2+ 61. Kd3 Rb3+ 62. Ke2) 59. h4 $1 $18 Ke5 $2 (59... Rb2+ 60. Kf1 Rb3) 60. h5 Rb2+ 61. Kf1 b4 62. h6 Rh2 63. Rb7 Rxh6 64. Rxb4 Rf6 65. Rb5+ (65. Re4+ $142 Kd5 66. Ke2) 65... Kd4 66. Kf2 Rf8 67. Ra5 Rf7 68. g5 $2 (68. Ra3 $18 Kc4 69. Ke2) 68... Rb7 69. Kg2 {Strongly threatening Kh3.} Rh7 $1 70. Rf5 Ke3 $2 {[%mdl 8192] [#]} (70... Rh5 $11) 71. Re5+ $1 {White mates.} Kd3 72. g6 Rg7 73. Re6 Kd4 74. Kh3 Kd5 75. Ra6 Ke5 76. Kg4 Rb7 77. Kg5 Rb3 78. Ra5+ Ke6 79. Kxf4 Kf6 80. Ra6+ Kg7 81. Kg4 Kh6 82. f4 Rb5 83. Rc6 Ra5 84. Re6 Rb5 85. f5 Rb4+ 86. Kf3 Rb3+ 87. Kf4 Rb4+ 88. Re4 Rb5 89. Re8 Rb4+ 90. Ke5 Rb7 91. Kf6 Rb6+ 92. Kf7 Rb7+ 93. Re7 Rb5 94. f6 Rg5 95. Re1 Rg1 96. Rxg1 {Never resign too early!  Weighted Error Value: White=0.34/Black=0.35} 1-0

[Event "Polgar Challenge 2021"]
[Site "Online"]
[Date "2021.04.04"]
[Round "9.10"]
[White "Abdumalik, Zhansaya"]
[Black "Khademalsharieh, Sarasadat"]
[Result "1-0"]
[WhiteElo "2472"]
[BlackElo "2494"]
[Annotator "ChessBase"]
[PlyCount "111"]
[EventDate "2021.04.08"]
[EventType "tourn"]
[EventCountry "NET"]
[SourceTitle "playchess.com"]
[Source "ChessBase"]
[SourceQuality "1"]
[TimeControl "600+5"]

1. e4 {[%emt 0:00:00]} e5 {[%emt 0:00:00]} 2. Nf3 {[%emt 0:00:00]} Nc6 {[%emt 0:00:00]} 3. Bb5 {[%emt 0:00:00]} a6 {[%emt 0:00:00]} 4. Ba4 {[%emt 0:00:00]} Nf6 {[%emt 0:00:00]} 5. O-O {[%emt 0:00:00]} b5 {[%emt 0:00:00]} 6. Bb3 {[%emt 0:00:00]} Bc5 {[%emt 0:00:00]} 7. d3 {[%emt 0:00:15]} O-O {[%emt 0:00:15]} 8. c3 {[%emt 0:00:08]} d6 {[%emt 0:00:11]} 9. h3 {[%emt 0:00:05]} h6 {[%emt 0:00:02]} 10. Re1 {[%emt 0:00:08]} Be6 {[%emt 0:00:27]} 11. Bc2 {[%emt 0:00:03]} Bb6 {[%emt 0:00:12]} 12. Nbd2 {[%emt 0:00:03]} Ne7 {[%emt 0:00:10]} 13. Nf1 {[%emt 0:00:05]} Ng6 {[%emt 0:00:04]} 14. Ng3 {[%emt 0:00:05]} d5 {[%emt 0:00:19]} 15. exd5 {[%emt 0:00:33]} Nxd5 {[%emt 0:00:07]} 16. d4 {[%emt 0:00:28]} c5 {[%emt 0:01:04]} 17. Nxe5 {[%emt 0:00:13]} Nxe5 {[%emt 0:00:19]} 18. Rxe5 {[%emt 0:00:01]} cxd4 {[%emt 0:00:05]} 19. Qd3 {[%emt 0:00:20]} Nf6 {[%emt 0:00:27]} 20. Nh5 {[%emt 0:01:08]} Re8 {[%emt 0:01:31]} 21. Nxf6+ {[%emt 0:02:37]} Qxf6 {[%emt 0:00:03]} 22. Qh7+ {[%emt 0:00:01]} Kf8 {[%emt 0:00:01]} 23. Re2 {[%emt 0:00:16]} Rad8 {[%emt 0:01:19]} 24. b3 {[%emt 0:00:16]} b4 {[%emt 0:01:24]} 25. cxd4 {[%emt 0:00:05]} Bxd4 {[%emt 0:00:04]} 26. Rb1 {[%emt 0:00:03]} a5 {[%emt 0:00:45]} 27. Bd2 {[%emt 0:00:16]} Ke7 {[%emt 0:00:41]} 28. Rbe1 {[%emt 0:00:25]} Rh8 {[%emt 0:00:11]} 29. Qe4 {[%emt 0:00:13]} Kf8 {[%emt 0:00:03]} 30. Be3 {[%emt 0:00:50]} Bc3 {[%emt 0:00:35]} 31. Bc5+ {[%emt 0:00:09]} Kg8 {[%emt 0:00:02]} 32. Rf1 {[%emt 0:00:34]} g6 {[%emt 0:00:06]} 33. Qb7 {[%emt 0:00:19]} Rd7 {[%emt 0:00:21]} 34. Qb6 {[%emt 0:00:49]} Rd5 {[%emt 0:00:26]} 35. Be4 {[%emt 0:00:20]} Rg5 {[%emt 0:00:27]} 36. Kh1 {[%emt 0:00:38]} Kh7 {[%emt 0:00:09]} 37. f4 {[%emt 0:00:10]} Rh5 {[%emt 0:00:09]} 38. Kh2 {[%emt 0:00:28]} Rc8 {[%emt 0:00:06]} 39. Be3 {[%emt 0:00:13]} a4 {[%emt 0:00:06]} 40. bxa4 {[%emt 0:00:13]} Rd8 {[%emt 0:00:32]} 41. Ref2 {[%emt 0:00:14]} Bd4 {[%emt 0:00:16]} 42. Bxd4 {[%emt 0:00:05]} Qxd4 {[%emt 0:00:04]} 43. Qb7 {[%emt 0:00:14]} Rd7 {[%emt 0:00:08]} 44. Qa8 {[%emt 0:00:06]} Ra7 {[%emt 0:00:12]} 45. Qc6 {[%emt 0:00:05]} Rc5 {[%emt 0:00:04]} 46. Qb6 {[%emt 0:00:05]} Rxa4 {[%emt 0:00:05]} 47. Bxg6+ {[%emt 0:00:05]} Kg7 {[%emt 0:00:06]} 48. f5 {[%emt 0:00:05]} Bxa2 {[%emt 0:00:04]} 49. Bh5 {[%emt 0:00:08]} Qe5+ {[%emt 0:00:02]} 50. Kh1 {[%emt 0:00:03]} Bd5 {[%emt 0:00:05]} 51. f6+ {[%emt 0:00:06]} Kh7 {[%emt 0:00:02]} 52. Bd1 {[%emt 0:00:14]} Ra3 {[%emt 0:00:02]} 53. Bg4 {[%emt 0:00:09]} Be4 {[%emt 0:00:22]} 54. Qxb4 {[%emt 0:00:06]} Rcc3 {[%emt 0:00:02]} 55. Kg1 {[%emt 0:00:04]} Bg6 {[%emt 0:00:11]} 56. Qf8 {[%emt 0:00:02]} 1-0

[Event "Polgar Challenge 2021"]
[Site "Online"]
[Date "2021.04.04"]
[Round "10.1"]
[White "Zhu, Jiner"]
[Black "Khademalsharieh, Sarasadat"]
[Result "1-0"]
[WhiteElo "2459"]
[BlackElo "2494"]
[Annotator "ChessBase"]
[PlyCount "45"]
[EventDate "2021.04.08"]
[EventType "tourn"]
[EventCountry "NET"]
[SourceTitle "playchess.com"]
[Source "ChessBase"]
[SourceQuality "1"]
[TimeControl "600+5"]

1. e4 {[%emt 0:00:00]} e5 {[%emt 0:00:00]} 2. Nc3 {[%emt 0:00:00]} Nf6 {[%emt 0:00:00]} 3. f4 {[%emt 0:00:00]} d5 {[%emt 0:00:04]} 4. fxe5 {[%emt 0:00:00]} Nxe4 {[%emt 0:00:01]} 5. Qf3 {[%emt 0:00:01]} Nxc3 {[%emt 0:00:15]} 6. bxc3 {[%emt 0:00:01]} Be7 {[%emt 0:00:03]} 7. d4 {[%emt 0:00:14]} O-O {[%emt 0:00:20]} 8. Bd3 {[%emt 0:00:01]} c5 {[%emt 0:00:11]} 9. Ne2 {[%emt 0:00:21]} c4 {[%emt 0:00:18]} 10. Bf5 {[%emt 0:00:01]} Bxf5 {[%emt 0:00:28]} 11. Qxf5 {[%emt 0:00:02]} f6 {[%emt 0:00:01]} 12. O-O {[%emt 0:01:15]} fxe5 {[%emt 0:00:27]} 13. Qe6+ {[%emt 0:00:03]} Kh8 {[%emt 0:00:02]} 14. Rxf8+ {[%emt 0:00:20]} Bxf8 {[%emt 0:00:04]} 15. dxe5 {[%emt 0:02:11]} Bc5+ {[%emt 0:00:40]} 16. Kh1 {[%emt 0:00:16]} Nc6 {[%emt 0:00:06]} 17. Bf4 {[%emt 0:00:12]} Qg8 {[%emt 0:02:39]} 18. Qd7 {[%emt 0:00:35]} Re8 {[%emt 0:00:16]} 19. Ng3 {[%emt 0:02:53]} Nxe5 {[%emt 0:00:50]} 20. Bxe5 {[%emt 0:00:04]} Rxe5 {[%emt 0:00:01]} 21. Qc7 {[%emt 0:00:09]} Re3 {[%emt 0:00:42]} 22. Qxc5 {[%emt 0:00:05]} Rxc3 {[%emt 0:00:25]} 23. Rf1 {[%emt 0:00:09]} 1-0

[Event "Polgar Challenge 2021"]
[Site "Online"]
[Date "2021.04.04"]
[Round "10.2"]
[White "Abdusattorov, Nodirbek"]
[Black "Abdumalik, Zhansaya"]
[Result "1-0"]
[WhiteElo "2627"]
[BlackElo "2472"]
[Annotator "TA"]
[PlyCount "119"]
[EventDate "2021.04.08"]
[EventType "tourn"]
[EventCountry "NET"]
[SourceTitle "playchess.com"]
[Source "ChessBase"]
[SourceQuality "1"]

{[%evp 10,119,38,40,41,31,35,27,18,-2,25,5,29,4,7,-39,79,79,69,59,70,65,128,122,135,89,78,87,108,113,101,83,88,76,90,73,99,85,101,86,113,90,111,117,98,90,73,106,93,0,104,80,72,67,94,43,81,79,131,123,129,19,94,64,140,123,182,152,270,268,329,322,321,327,297,274,245,212,310,291,310,310,272,204,446,428,591,562,594,588,573,571,815,717,1005,1029,954,1025,1024,995,1029,1096,1955,1926,1813,1489,5804,6000,2848,2677,29979,1137]} 1. e4 e5 2. Nf3 Nc6 3. Bc4 Nf6 4. d3 Be7 5. O-O d6 6. a4 {[%cal Ba2a4,Ba4a5][%mdl 32]} O-O {C55: Two Knights: 4 d3, 4 d4 exd4 5 e5 and Max Lange Attack.} 7. a5 a6 8. c3 Be6 {White has an edge.} 9. Nbd2 d5 10. exd5 {[#]} Nxd5 $146 ({Predecessor:} 10... Bxd5 11. Re1 Bxc4 12. Nxc4 e4 13. dxe4 Qxd1 14. Rxd1 Nxe4 15. Be3 Rad8 16. Nd4 Nxd4 17. Bxd4 Bc5 {½-½ (17) Izrailev,A (2261)-Hermann,M (2320) Germany 2014}) 11. Re1 Nf4 12. Bxe6 Nxe6 {[#]} (12... fxe6 $15 {stays ahead.} 13. Ne4 Nxd3) 13. Nc4 $1 $16 Bd6 14. Nfxe5 Nxe5 15. Nxe5 Qh4 (15... Bxe5 $14 16. Rxe5 Qd6) 16. g3 Qh3 17. Qg4 Qxg4 18. Nxg4 c5 19. f4 h5 20. Nf2 g6 21. Kg2 Rfd8 22. Kf3 Kg7 23. Be3 Rac8 24. Ra4 Bf8 25. Rc4 f5 26. Ra1 Kf7 27. Ra3 Rd7 28. Rb3 Nd8 29. Ra3 (29. Rb6 $16) 29... Rcc7 (29... Ne6 $11 {remains equal.}) 30. Ke2 Rc6 31. Kd2 Ke8 32. Rb3 (32. h4 $16) 32... Nf7 33. Ke2 Re6 ({Black should play} 33... Re7) 34. Kf3 Rc7 35. Ra4 (35. Rb6 $16 Rec6 36. d4) 35... Kd7 (35... Nd8 $1 $11 {keeps the balance.}) 36. Nh3 {White leaves nothing to chance now.} Nd6 (36... Be7 $14) 37. Rb6 c4 (37... Nf7 $16) 38. Nf2 Re8 (38... Be7 $16 39. Bd4 g5) 39. Bd4 $18 cxd3 40. Nxd3 Kc8 41. Ne5 Re6 42. c4 {Hoping for c5.} Re8 43. b3 g5 (43... Rd8 $142 44. Be3 (44. Nxg6 Ne4 $18) 44... Bg7 45. Nxg6 Ne4) 44. fxg5 Ne4 45. Kf4 Bg7 46. Kxf5 Nc5 (46... Nxg5 47. Kxg5 Bxe5) 47. Ra3 Nd7 {[%cal Rd7e5]} 48. Re6 {[%cal Re6e8]} Rf8+ 49. Kg6 {[%mdl 64] [#] Double Attack} Bxe5 50. Bxe5 Rc6 51. Bd6 Rd8 52. Kf7 Nc5 53. Bxc5 Rxc5 {[%mdl 4096] Endgame KRR-KRR} 54. g6 Rg5 55. Ra2 Rd7+ 56. Kf6 Rg4 57. Rae2 Rd3 58. Re8+ Kc7 59. R2e7+ Kc6 60. Rc8+ {Weighted Error Value: White=0.19/Black=0.36} 1-0

[Event "Polgar Challenge 2021"]
[Site "Online"]
[Date "2021.04.04"]
[Round "10.3"]
[White "Murzin, Volodar"]
[Black "Mendonca, Leon Luke"]
[Result "1-0"]
[WhiteElo "2478"]
[BlackElo "2549"]
[Annotator "ChessBase"]
[PlyCount "99"]
[EventDate "2021.04.08"]
[EventType "tourn"]
[EventCountry "NET"]
[SourceTitle "playchess.com"]
[Source "ChessBase"]
[SourceQuality "1"]
[TimeControl "600+5"]

1. e4 {[%emt 0:00:00]} c5 {[%emt 0:00:00]} 2. Nf3 {[%emt 0:00:00]} d6 {[%emt 0:00:00]} 3. d4 {[%emt 0:00:00]} cxd4 {[%emt 0:00:01]} 4. Qxd4 {[%emt 0:00:01]} Nf6 {[%emt 0:00:12]} 5. Be2 {[%emt 0:00:16]} Nc6 {[%emt 0:00:06]} 6. Qe3 {[%emt 0:00:03]} g6 {[%emt 0:00:12]} 7. O-O {[%emt 0:00:02]} Bg7 {[%emt 0:00:01]} 8. Rd1 {[%emt 0:00:03]} O-O {[%emt 0:00:30]} 9. Nc3 {[%emt 0:00:06]} Qb6 {[%emt 0:01:14]} 10. Qxb6 {[%emt 0:02:46]} axb6 {[%emt 0:00:00]} 11. Be3 {[%emt 0:00:12]} Nb4 {[%emt 0:02:03]} 12. Rdc1 {[%emt 0:00:28]} Nd7 {[%emt 0:01:24]} 13. Bd4 {[%emt 0:00:31]} Nc5 {[%emt 0:00:16]} 14. a3 {[%emt 0:00:17]} Nc6 {[%emt 0:00:17]} 15. Bxg7 {[%emt 0:00:03]} Kxg7 {[%emt 0:00:00]} 16. Rd1 {[%emt 0:02:30]} Na4 {[%emt 0:01:00]} 17. Nxa4 {[%emt 0:00:10]} Rxa4 {[%emt 0:00:00]} 18. Nd2 {[%emt 0:00:13]} Be6 {[%emt 0:00:07]} 19. c3 {[%emt 0:00:07]} Rc8 {[%emt 0:00:18]} 20. Re1 {[%emt 0:00:10]} g5 {[%emt 0:00:26]} 21. f3 {[%emt 0:00:37]} Ne5 {[%emt 0:00:13]} 22. Kf2 {[%emt 0:00:03]} Ra5 {[%emt 0:00:31]} 23. Rad1 {[%emt 0:00:14]} Bc4 {[%emt 0:00:22]} 24. Nxc4 {[%emt 0:00:34]} Nxc4 {[%emt 0:00:01]} 25. Bxc4 {[%emt 0:00:00]} Rxc4 {[%emt 0:00:01]} 26. Re2 {[%emt 0:00:02]} Kf6 {[%emt 0:00:15]} 27. Ke3 {[%emt 0:00:03]} Rac5 {[%emt 0:00:20]} 28. Red2 {[%emt 0:00:37]} Rc8 {[%emt 0:00:13]} 29. Rd4 {[%emt 0:00:10]} h5 {[%emt 0:00:19]} 30. Rd5 {[%emt 0:00:36]} R8c5 {[%emt 0:00:12]} 31. R1d4 {[%emt 0:00:15]} Rxd5 {[%emt 0:01:19]} 32. Rxd5 {[%emt 0:00:06]} Rc5 {[%emt 0:00:03]} 33. Rxc5 {[%emt 0:01:05]} bxc5 {[%emt 0:00:15]} 34. a4 {[%emt 0:00:11]} Ke5 {[%emt 0:00:05]} 35. b4 {[%emt 0:00:09]} cxb4 {[%emt 0:00:24]} 36. cxb4 {[%emt 0:00:00]} d5 {[%emt 0:00:01]} 37. a5 {[%emt 0:00:03]} dxe4 {[%emt 0:00:09]} 38. fxe4 {[%emt 0:00:01]} Kd6 {[%emt 0:00:05]} 39. Kd4 {[%emt 0:00:02]} Kc6 {[%emt 0:00:09]} 40. Kc4 {[%emt 0:00:01]} f6 {[%emt 0:00:10]} 41. b5+ {[%emt 0:00:02]} Kd7 {[%emt 0:00:02]} 42. Kc5 {[%emt 0:00:07]} e6 {[%emt 0:00:07]} 43. a6 {[%emt 0:00:18]} bxa6 {[%emt 0:00:02]} 44. bxa6 {[%emt 0:00:00]} Kc7 {[%emt 0:00:01]} 45. a7 {[%emt 0:00:01]} Kb7 {[%emt 0:00:01]} 46. Kd6 {[%emt 0:00:01]} f5 {[%emt 0:00:01]} 47. exf5 {[%emt 0:00:01]} exf5 {[%emt 0:00:00]} 48. Ke5 {[%emt 0:00:01]} f4 {[%emt 0:00:01]} 49. Kf5 {[%emt 0:00:05]} h4 {[%emt 0:00:14]} 50. h3 {[%emt 0:00:01]} 1-0

[Event "Polgar Challenge 2021"]
[Site "Online"]
[Date "2021.04.04"]
[Round "10.4"]
[White "Mammadzada, Gunay"]
[Black "Keymer, Vincent"]
[Result "0-1"]
[WhiteElo "2443"]
[BlackElo "2591"]
[Annotator "ChessBase"]
[PlyCount "72"]
[EventDate "2021.04.08"]
[EventType "tourn"]
[EventCountry "NET"]
[SourceTitle "playchess.com"]
[Source "ChessBase"]
[SourceQuality "1"]
[TimeControl "600+5"]

1. e4 {[%emt 0:00:00]} c5 {[%emt 0:00:00]} 2. Nf3 {[%emt 0:00:00]} d6 {[%emt 0:00:00]} 3. d4 {[%emt 0:00:00]} cxd4 {[%emt 0:00:00]} 4. Nxd4 {[%emt 0:00:00]} Nf6 {[%emt 0:00:00]} 5. Nc3 {[%emt 0:00:00]} a6 {[%emt 0:00:00]} 6. Be3 {[%emt 0:00:01]} e5 {[%emt 0:00:01]} 7. Nb3 {[%emt 0:00:01]} Be7 {[%emt 0:00:01]} 8. Qd2 {[%emt 0:00:02]} Ng4 {[%emt 0:00:02]} 9. g3 {[%emt 0:00:01]} Nd7 {[%emt 0:00:20]} 10. Bh3 {[%emt 0:00:57]} Ndf6 {[%emt 0:00:36]} 11. Bxg4 {[%emt 0:00:04]} Bxg4 {[%emt 0:00:05]} 12. Qd3 {[%emt 0:00:16]} O-O {[%emt 0:00:28]} 13. h3 {[%emt 0:00:42]} Be6 {[%emt 0:00:08]} 14. O-O-O {[%emt 0:00:10]} b5 {[%emt 0:00:29]} 15. f4 {[%emt 0:00:08]} Bc4 {[%emt 0:01:18]} 16. Qd2 {[%emt 0:00:04]} a5 {[%emt 0:01:02]} 17. Qg2 {[%emt 0:00:21]} Qc7 {[%emt 0:00:18]} 18. Kb1 {[%emt 0:01:00]} b4 {[%emt 0:00:28]} 19. Nd5 {[%emt 0:00:41]} Nxd5 {[%emt 0:00:50]} 20. exd5 {[%emt 0:00:04]} a4 {[%emt 0:00:00]} 21. Nc1 {[%emt 0:01:19]} Rfc8 {[%emt 0:01:12]} 22. Rh2 {[%emt 0:02:19]} Bf6 {[%emt 0:01:29]} 23. fxe5 {[%emt 0:00:37]} Bxe5 {[%emt 0:00:03]} 24. Bd4 {[%emt 0:00:03]} Bxd4 {[%emt 0:00:07]} 25. Rxd4 {[%emt 0:00:02]} a3 {[%emt 0:00:03]} 26. b3 {[%emt 0:00:06]} Be2 {[%emt 0:00:06]} 27. c4 {[%emt 0:00:16]} Bh5 {[%emt 0:00:58]} 28. Qd2 {[%emt 0:00:08]} Qa7 {[%emt 0:00:35]} 29. g4 {[%emt 0:00:29]} Bg6+ {[%emt 0:00:03]} 30. Ka1 {[%emt 0:00:01]} Re8 {[%emt 0:00:01]} 31. Rh1 {[%emt 0:00:03]} Re5 {[%emt 0:00:32]} 32. Rd1 {[%emt 0:01:37]} Rae8 {[%emt 0:00:32]} 33. Qxb4 {[%emt 0:00:15]} Bc2 {[%emt 0:00:03]} 34. Qxd6 {[%emt 0:00:16]} Bxd1 {[%emt 0:00:11]} 35. Rxd1 {[%emt 0:00:00]} Re1 {[%emt 0:00:07]} 36. Rxe1 {[%emt 0:00:13]} Qd4+ {[%emt 0:00:02]} 0-1

[Event "Polgar Challenge 2021"]
[Site "Online"]
[Date "2021.04.04"]
[Round "10.5"]
[White "Nihal Sarin"]
[Black "Gukesh D"]
[Result "1/2-1/2"]
[WhiteElo "2620"]
[BlackElo "2578"]
[Annotator "RC"]
[PlyCount "90"]
[EventDate "2021.04.08"]
[EventType "tourn"]
[EventCountry "NET"]
[SourceTitle "playchess.com"]
[Source "ChessBase"]
[SourceQuality "1"]
[TimeControl "600+5"]

1. e4 {[%emt 0:00:00]} e5 {[%emt 0:00:00]} 2. Nf3 {[%emt 0:00:00]} Nc6 {[%emt 0:00:00]} 3. Bb5 {[%emt 0:00:02]} a6 {[%emt 0:00:08]} 4. Ba4 {[%emt 0:00:03]} Bc5 {[%emt 0:00:05]} 5. c3 {[%emt 0:00:56]} Nge7 {[%emt 0:00:13]} 6. d4 {[%emt 0:00:14]} exd4 {[%emt 0:00:19]} 7. cxd4 {[%emt 0:00:00]} Bb4+ {[%emt 0:00:01]} 8. Bd2 {[%emt 0:00:05]} Bxd2+ {[%emt 0:00:08]} 9. Qxd2 {[%emt 0:00:34]} d5 {[%emt 0:00:07]} 10. exd5 {[%emt 0:00:16]} Nxd5 {[%emt 0:00:08]} 11. Bxc6+ {[%emt 0:00:02]} bxc6 {[%emt 0:00:01]} 12. O-O {[%emt 0:00:01]} O-O {[%emt 0:00:03]} 13. Nc3 {[%emt 0:00:05]} Nxc3 {[%emt 0:00:18]} 14. Qxc3 {[%emt 0:00:00]} Be6 {[%emt 0:00:01]} 15. Ne5 {[%emt 0:01:16]} Bd5 {[%emt 0:00:13]} 16. Nxc6 {[%emt 0:00:05]} Bxc6 {[%emt 0:00:18]} 17. Qxc6 {[%emt 0:00:00]} Qxd4 {[%emt 0:00:01]} 18. b3 {[%emt 0:00:18]} a5 {[%emt 0:01:44]} 19. Rac1 {[%emt 0:00:46]} a4 {[%emt 0:01:19]} 20. Rc4 {[%emt 0:01:31]} Qb6 {[%emt 0:00:40]} 21. Qxb6 {[%emt 0:00:19]} cxb6 {[%emt 0:00:02]} 22. bxa4 {[%emt 0:00:37]} Rfd8 {[%emt 0:00:53]} 23. g3 {[%emt 0:00:21]} Rd2 {[%emt 0:01:39]} 24. Rb1 {[%emt 0:00:06]} Rxa2 {[%emt 0:00:17]} 25. Rxb6 {[%emt 0:00:04]} g6 {[%emt 0:00:01]} 26. Rbb4 {[%emt 0:00:07]} h5 {[%emt 0:00:11]} 27. h4 {[%emt 0:00:03]} Kg7 {[%emt 0:00:04]} 28. Kg2 {[%emt 0:00:01]} Ra7 {[%emt 0:00:02]} 29. Rf4 {[%emt 0:00:02]} Ra3 {[%emt 0:00:11]} 30. Rbc4 {[%emt 0:00:01]} Ra2 {[%emt 0:00:03]} 31. Kf3 {[%emt 0:00:02]} Ra3+ {[%emt 0:00:02]} 32. Ke2 {[%emt 0:00:07]} Rb7 {[%emt 0:00:23]} 33. Rb4 {[%emt 0:00:24]} Rc7 {[%emt 0:00:09]} 34. Kd2 {[%emt 0:00:28]} Ra1 {[%emt 0:01:37]} 35. Rbc4 {[%emt 0:00:21]} Rb7 {[%emt 0:00:04]} 36. Kc3 {[%emt 0:00:27]} Ra7 {[%emt 0:00:37]} 37. Kb2 {[%emt 0:00:09]} Re1 {[%emt 0:00:02]} 38. Rc5 {[%emt 0:00:21]} Re2+ {[%emt 0:00:18]} 39. Kb3 {[%emt 0:00:03]} Re1 {[%emt 0:00:04]} 40. Rc2 {[%emt 0:01:53]} Rb7+ {[%emt 0:00:09]} 41. Ka2 {[%emt 0:00:12]} Ra7 {[%emt 0:00:03]} 42. Rb2 {[%emt 0:00:16]} Rd1 {[%emt 0:00:17]} 43. Rc2 {[%emt 0:00:21]} Re1 {[%emt 0:00:03]} 44. Rb2 {[%emt 0:00:01]} Rd1 {[%emt 0:00:01]} 45. Rc2 {[%emt 0:00:16]} Re1 {[%emt 0:00:02]} 1/2-1/2